<?xml version="1.0" encoding="UTF-8"?>
<record
    xmlns:xsi="http://www.w3.org/2001/XMLSchema-instance"
    xsi:schemaLocation="http://www.loc.gov/MARC21/slim http://www.loc.gov/standards/marcxml/schema/MARC21slim.xsd"
    xmlns="http://www.loc.gov/MARC21/slim">

  <leader>01889cab a2200301Ia 45 0</leader>
  <controlfield tag="001">u188366</controlfield>
  <controlfield tag="003">SIRSI</controlfield>
  <controlfield tag="008">100619s2006    ua     ss b         eng d</controlfield>
  <datafield tag="040" ind1=" " ind2=" ">
    <subfield code="a">EAL</subfield>
  </datafield>
  <datafield tag="041" ind1=" " ind2=" ">
    <subfield code="a">eng</subfield>
    <subfield code="b">ara</subfield>
  </datafield>
  <datafield tag="090" ind1=" " ind2=" ">
    <subfield code="a">ART AAS V51 No2 19</subfield>
  </datafield>
  <datafield tag="100" ind1="1" ind2=" ">
    <subfield code="a">Abdel-Samad, Salwa S.M. </subfield>
  </datafield>
  <datafield tag="240" ind1="1" ind2="0">
    <subfield code="a">Annals of agricultural science, 2006 v. 51 (2)</subfield>
    <subfield code="h">[electronic resource]</subfield>
  </datafield>
  <datafield tag="245" ind1="1" ind2="0">
    <subfield code="a">Population flactuations of aphis craccivora and liriomyza trifolii and their endoparasitoids on certain faba bean varieties</subfield>
    <subfield code="h">[electronic resource].</subfield>
  </datafield>
  <datafield tag="246" ind1="1" ind2="5">
    <subfield code="a">&#x62A;&#x630;&#x628;&#x630;&#x628; &#x62A;&#x639;&#x640;&#x62F;&#x627;&#x62F; &#x645;&#x646; &#x627;&#x644;&#x641;&#x640;&#x648;&#x644; &#x648;&#x635;&#x627;&#x646;&#x639;&#x629; &#x623;&#x646;&#x641;&#x627;&#x642; &#x627;&#x644;&#x623;&#x648;&#x631;&#x627;&#x642; &#x648;&#x637;&#x641;&#x64A;&#x644;&#x64A;&#x627;&#x62A;&#x647;&#x645;&#x627; &#x627;&#x644;&#x62F;&#x627;&#x62E;&#x644;&#x64A;&#x629; &#x639;&#x644;&#x649; &#x623;&#x635;&#x646;&#x627;&#x641; &#x641;&#x648;&#x644; &#x645;&#x62D;&#x62F;&#x62F;&#x629;.</subfield>
  </datafield>
  <datafield tag="300" ind1=" " ind2=" ">
    <subfield code="a">p.531-540.</subfield>
  </datafield>
  <datafield tag="504" ind1=" " ind2=" ">
    <subfield code="a">Includes reference.</subfield>
  </datafield>
  <datafield tag="520" ind1=" " ind2=" ">
    <subfield code="a">Infestation by the aphid, Aphis craccivora and leafminer, Liriomyza trifolii (Burg) and its associated parasitoids on four faba bean Vicia faba varieties; Misr1, Misr2, Giza 40 and Giza 429 were studied at Shandawel, Sohag Governorate during 2004/05 and 2005/06 seasons. February and March were found to be the most important months for the rate of infestation by both pests. Susceptibility of faba bean varieties could be arranged (in both months) ascendingly according to the mean of infestation by aphids per plant as follows: Misr1 (40.6) and Misr2 (42.6) Giza40 (54.2) and Giza429 (58.7). Also, for leafminer the arrangement was Misr2 (18.2%), Giza429 (19.8%), Misr1 (23.9%) and Giza 40 (26.1%).</subfield>
  </datafield>
  <datafield tag="546" ind1=" " ind2=" ">
    <subfield code="a">Summary in Arabic.</subfield>
  </datafield>
  <datafield tag="650" ind1=" " ind2="0">
    <subfield code="a">Fava bean</subfield>
    <subfield code="x">Diseases and pests.</subfield>
  </datafield>
  <datafield tag="650" ind1=" " ind2="0">
    <subfield code="a">Liriomyza trifolii</subfield>
    <subfield code="x">Biological control.</subfield>
  </datafield>
  <datafield tag="700" ind1="1" ind2=" ">
    <subfield code="a">Ahmed, M.A.</subfield>
  </datafield>
  <datafield tag="700" ind1="1" ind2=" ">
    <subfield code="a">Mostafa, F.F.M.</subfield>
  </datafield>
  <datafield tag="700" ind1="1" ind2=" ">
    <subfield code="a">Okil, A.A.M.</subfield>
  </datafield>
  <datafield tag="773" ind1="0" ind2=" ">
    <subfield code="t">Annals of Agricultural Science. </subfield>
    <subfield code="g">2006.v.51(2)</subfield>
    <subfield code="x">0570-1783</subfield>
    <subfield code="7">nnas</subfield>
    <subfield code="w">u157971</subfield>
  </datafield>
  <datafield tag="856" ind1="4" ind2="0">
    <subfield code="u">http://nile.enal.sci.eg/EALE/2006/AAS/5106/2/531.pdf</subfield>
    <subfield code="z">Full Text Article.</subfield>
  </datafield>
  <datafield tag="596" ind1=" " ind2=" ">
    <subfield code="a">1</subfield>
  </datafield>
  <datafield tag="942" ind1=" " ind2=" ">
    <subfield code="c">AR</subfield>
    <subfield code="2">lcc</subfield>
  </datafield>
  <datafield tag="999" ind1=" " ind2=" ">
    <subfield code="c">43235</subfield>
    <subfield code="d">43235</subfield>
  </datafield>
</record>
